| 000 | 01542nam0a22002891 4500 | ||
|---|---|---|---|
| 001 | rc\3260548 | ||
| 005 | 20260407131039.0 | ||
| 021 |
_aRU _b[71-43152] |
||
| 035 | _a(NLR Aleph) 007483625 | ||
| 090 |
_a7542933 _c7542933 |
||
| 100 | _a20130115d1971 |||y0rusy50 ca | ||
| 101 | 0 | _arus | |
| 102 | _aRU | ||
| 105 | _ay z ||||| | ||
| 200 | 1 |
_aФрикционно-барабанная лебедка ЛЭФ-500 _eАльбом рабочих черт. _fГосстрой СССР. Центр. науч.-исслед. и проектно-эксперим. ин-т организации, механизации и техн. помощи стр-ву. Бюро внедрения |
|
| 210 |
_aМосква _cСтройиздат _d1971 |
||
| 215 |
_a56 с. _d29 |
||
| 300 | _aНа обороте тит. л. сост.: инж. М.А. Серебренников | ||
| 532 | 1 | 1 | _aФрикционно-барабанная лебедка Лебедка электрическая фрикционная - пятьсот |
| 606 |
_aЛебедки фрикционные, электрические _jЧертежи _2psbo |
||
| 702 | 1 |
_aСеребренников _bМ.А. _4220 |
|
| 712 | 0 | 2 |
_aНаучно-исследовательский и проектно-эксперим. ин-т организации, механизации и техн. помощи строительству _cМосква _3RU\NLR\AUTH\8810077052 _9656291 |
| 801 | 0 |
_aRU _bNLR _gpsbo |
|
| 801 | 1 |
_aRU _bELAR _2rusmarc |
|
| 852 |
_aNLR _j71-8/612 |
||
| 942 | _cBOOK | ||
| 980 | _aNB | ||